| 000 | 01345nab a2200349 a 4500 | ||
|---|---|---|---|
| 001 | 146608 | ||
| 003 | FlNmELB | ||
| 005 | 20241217182148.0 | ||
| 006 | m o d | | ||
| 007 | cr cn||||||||| | ||
| 008 | 201110r2000 bl |||||s|||||||||||spa d | ||
| 022 | _a0102-311X | ||
| 035 | _a(OCoLC)955351537 | ||
| 040 |
_aFlNmELB _bspa _cFlNmELB |
||
| 050 | 4 |
_aRC31 _bS356 2000 |
|
| 080 | _a61 | ||
| 082 | 0 | 4 |
_a610 _222 |
| 100 | 1 | _aSchmunis, Gabriel A. | |
| 222 | 0 | _aCadernos de saúde pública (Impresso) | |
| 245 | 1 | 3 |
_aLa reforma del sector salud, descentralización, prevención y control de enfermedades transmitidas por vectores. _h[recurso electronico] / _cGabriel A. Schmunis, João Carlos Pinto Dias. |
| 260 |
_aRío de Janeiro (Brasil) : _bFundação Oswaldo Cruz, Escola Nacional de Saúde Pública, _c2000. |
||
| 300 | _a8 p. | ||
| 310 | _aBimestral | ||
| 362 | 0 | _aVol. 16, No. 2(2000)- | |
| 533 | _aRecurso electrónico. Santa Fe, Arg.: e-libro, 2015. Disponible vía World Wide Web. El acceso puede estar limitado para las bibliotecas afiliadas a e-libro. | ||
| 650 | 4 |
_aMedicina. _xEpidemiología. |
|
| 650 | 4 |
_aMedical. _xEpidemiology. |
|
| 655 | 4 | _aArtículos electrónicos. | |
| 700 | 1 | _aPinto Dias, João Carlos. | |
| 710 | 2 | _ae-libro, Corp. | |
| 856 | 4 | 0 | _uhttps://elibro.net/ereader/politecnicointernacional/31874 |
| 999 |
_c146608 _d146608 |
||